00517nam a22002057a 450000500170000001000130001702000100003003500130004003700160005304000120006908200100008124500480009126000350013927000410017430000230021550000190023865000140025765000240027170000160029520170124105933.0 aA-427448 c00.00 aA-427448 bCen Lib/Ret aDPLbEN a371.1 aOn being a teacher /cedited by Amrik singh aDelhibKonark publishersc1990 aA-149,Main Vikas margbDelhie110092 ax,208p. c22cm(Hb) aIncludes index aEducation aTeaching- education aSingh,Amrik